• 首页
  • 本馆介绍
  • 公告通知
  • 最新文献
  • 馆藏检索
  • 电子资源
  • 读者导购
  • 参考咨询
  • 我的图书馆
  • 登录
  • 详细信息显示
  • 放入我的书架
  • 预约/预借图书
  • 作者相关作品
  • 分类相关作品
  • 丛书相关作品
  • 出版社相关作品

书目信息

  • 表格格式
  • 工作单格式
  • 卡片格式
题名:
冠心病预防
    
 
作者: ;刘梓荣 译 ;世界卫生组织 编
分册:  
出版信息: 北京   人民卫生出版社  1984
页数: 54页
开本: 19cm
丛书名:
单 册:
中图分类: R541.4 , R543
科图分类:
主题词: 冠心病--预防 , 心脏血管疾病
电子资源:
ISBN:
000 00877nam0 2200289 45
001 0184009193
005 20040524103731.1
010    @dCNY0.29
091    @a14048.4561
100    @a19950523d1984 em y0chiy0121 ea
101 1  @achi
102    @aCN@b110000
105    @ay p 000yy
106    @ar
200 10 @a冠心病预防@Aguan xin bing yu fang@e世界卫生组织专家委员会的报告@f世界卫生组织编@g刘梓荣译
210    @a北京@c人民卫生出版社@d1984
215    @a54页@d19cm
517 1  @a世界卫生组织专家委员会的报告@Ashi jie wei sheng zu zhi zhuan jia wei yuan hui de bao gao
606    @a冠心病@x预防
606 0  @a心脏血管疾病
690    @aR541.4@v3
690    @aR543
702  0 @a刘梓荣@Aliu zi rong@4译
711 02 @a世界卫生组织@Ashi jie wei sheng zu zhi@4编
801  0 @aCN@b上海图书馆@c20040524
801  2 @aCN@bNLC@c20040524
905    @f2@b107976-977@dR543@e13
    
    冠心病预防:世界卫生组织专家委员会的报告/世界卫生组织编/刘梓荣译.-北京:人民卫生出版社,1984
    54页;19cm
    
    
    ISBN :CNY0.29
    
●
相关链接 在E读中查询图书 在五车中查询图书 在当当中查询图书 在豆瓣中查询图书


正题名:冠心病预防     索取号:R543/13         预约/预借

序号 登录号 条形码 馆藏地/架位号 状态 备注
1 0107976   000715104   第三借阅区/ [索取号:R543/13] 在馆    
2 0107977   000715113   第三借阅区/ [索取号:R543/13] 在馆    
3 0107978   000715097   第二样本阅览室/ [索取号:R543/13] 在馆    
唐山师范学院图书馆 欢迎您!
大连网信软件有限公司© 版权所有